|
|
|
|
| LEADER |
01150nam a2200229 i 4500 |
| 003 |
GR-PaULI |
| 005 |
20230914114422.0 |
| 008 |
170710s1986 gr ||||g |||| 00| 1 gre d |
| 952 |
|
|
|0 0
|1 0
|2 ddc
|4 0
|6 843_914000000000000_GEN
|7 0
|9 213792
|a LISP
|b LISP
|c DON
|d 2017-07-10
|e ΒΑΛ
|i 126262
|l 0
|o 843.914 GEN
|p 025000244924
|r 2017-07-10 00:00:00
|t 1
|v 2017.00
|w 2017-07-10
|y BK15
|
| 952 |
|
|
|0 0
|1 0
|2 ddc
|4 0
|6 843_914000000000000_GEN
|7 0
|9 327012
|a LISP
|b LISP
|c DON
|d 2021-07-19
|e ΓΑΛ
|i 144763
|l 0
|o 843.914 GEN
|p 025000270935
|r 2021-07-19 00:00:00
|t 2
|w 2021-07-19
|y BKN
|
| 999 |
|
|
|c 129981
|d 129981
|
| 040 |
|
|
|a GR-PaULI
|b gre
|c GR-PaULI
|e AACR2
|
| 041 |
1 |
|
|a gre
|h fre
|
| 082 |
0 |
4 |
|2 23
|a 843.914
|
| 100 |
1 |
|
|a Genet, Jean,
|d 1910-1986
|e συγγραφέας
|9 80207
|
| 245 |
1 |
2 |
|a Ο σκοινοβάτης /
|c Jean Genet ; μετάφραση Χριστόφορος Λιοντάκης.
|
| 260 |
|
|
|a Αθήνα :
|b Καστανιώτης,
|c 1986.
|
| 300 |
|
|
|a 47, [2] σ. ;
|c 20 εκ.
|
| 700 |
1 |
|
|a Λιοντάκης, Χριστόφορος,
|d 1945-2019
|e μεταφραστής
|9 31463
|
| 765 |
0 |
8 |
|i Μετάφραση του:
|t Le funambule
|
| 942 |
|
|
|2 ddc
|c BK15
|
| 998 |
|
|
|c ΛΟΤΣΑΡΗ
|d 2017-07
|